Formula 1: Last Active Drivers by Starting Decade - Statistics

General Stats
  • This quiz has been taken 663 times
    571 since last reset
  • The average score is 17 of 30
Answer Stats
Starting Decade First Year Driver Last Year Nationality % Correct
2000s 2001 Fernando Alonso active Spain
99%
2000s 2007 Lewis Hamilton active United Kingdom
99%
2000s 2001 Kimi Räikkönen 2021 Finland
97%
2000s 2007 Sebastian Vettel 2022 Germany
96%
1990s 1991 Michael Schumacher 2012 Germany
95%
2000s 2009 Romain Grosjean 2020 France
86%
1990s 1993 Rubens Barrichello 2011 Brazil
82%
1950s 1958 Graham Hill 1975 United Kingdom
71%
1990s 1996 Giancarlo Fisichella 2009 Italy
67%
1990s 1997 Jarno Trulli 2011 Italy
67%
1960s 1968 Mario Andretti 1982 United States
66%
1970s 1978 Nelson Piquet 1990 Brazil
66%
1980s 1984 Gerhard Berger 1997 Austria
65%
1970s 1978 Keke Rosberg 1986 Finland
61%
1950s 1955 Jack Brabham 1970 Australia
60%
1980s 1989 Jean Alesi 2001 France
59%
1990s 1999 Pedro de la Rosa 2012 Spain
58%
1960s 1967 Jacky Ickx 1979 Belgium
57%
1970s 1977 Riccardo Patrese 1993 Italy
57%
1970s 1978 René Arnoux 1989 France
45%
1980s 1989 Johnny Herbert 2000 United Kingdom
43%
1980s 1984 Martin Brundle 1996 United Kingdom
33%
1950s 1959 Dan Gurney 1970 United States
28%
1950s 1956 Jo Bonnier 1971 Sweden
28%
1960s 1963 Chris Amon 1976 New Zealand
27%
1970s 1978 Eddie Cheever 1989 United States
23%
1980s 1987 Nicola Larini 1997 Italy
11%
1960s 1969 Rolf Stommelen 1978 Germany
7%
1960s 1968 Henri Pescarolo 1976 France
4%
1950s 1959 Pete Lovely 1971 United States
3%
No matching quizzes found
Score Distribution
Percent of People with Each Score
Percentile by Number Answered
Your Score History
You have not taken this quiz since the last reset